000 01003nam a2200241 i 4500
001 165694
003 ES-MaACL
005 20250831014818.0
008 940615n18681873sp a |||| | spa d
040 _aCAM
_bspa
100 1 _aSpencer, Jesse Ames.
_9132864
245 1 0 _aHistoria de los Estados Unidos desde su primer período hasta nuestros días /
_cpor J.A. Spencer ; traducida del inglés por D.M.B.
260 _aBarcelona, etc. :
_bMontaner y Simón, etc.,
_c1868-1873.
300 _a3 v., [55] h. de lám. ;
_c32 cm.
594 _aLos v. 2 y 3 añaden al tít. : Continuada hasta nuestros dias por Horacio Greeley ; traducción directa del inglés por Enrique Leopoldo de Verneuill.
597 _aPort. a dos tintas.
597 _aTexto a dos col.
651 4 _aEstados Unidos-
_xHistoria
_98540
700 1 _aGreeley, Horace.
_9152872
700 1 _aVerneuil, Enrique Leopoldo de
_9133649
852 _aES-MaACL
_jC-2024-26
_z-- Enc. hol. grabada
999 _c165694
_d165694